| 000 | 00719cam a2200241 4500500 | ||
|---|---|---|---|
| 005 | 20260329004936.0 | ||
| 041 | _afre | ||
| 042 | _adc | ||
| 100 | 1 | 0 |
_aLacroix, Alexandre _eauthor |
| 245 | 0 | 0 | _aByung-Chul Han : “L’Allemagne m’a fourni une nouvelle âme” |
| 260 | _c2021. | ||
| 500 | _a52 | ||
| 690 | _aAllemagne | ||
| 690 | _aAltérité | ||
| 690 | _aByung-Chul Han | ||
| 690 | _achangement | ||
| 690 | _aCorée du Sud | ||
| 690 | _aGastronomie | ||
| 690 | _aLogique | ||
| 690 | _aMusique | ||
| 786 | 0 | _nPhilosophie magazine | 153 | 10 | 2021-10-01 | p. 32-32 | 1951-1787 | |
| 856 | 4 | 1 | _uhttps://shs.cairn.info/magazine-philosophie-magazine-2021-10-page-32?lang=fr&redirect-ssocas=7080 |
| 999 |
_c1838775 _d1838775 |
||